Análisis y evaluación de los datos de ensayos por bombeo

Kaydedildi:
Detaylı Bibliyografya
Asıl Yazarlar: Kruseman, G. P (Yazar), Ridder, N. A de (Yazar)
Materyal Türü: Kitap
Dil:İspanyolca
Baskı/Yayın Bilgisi: Wageningen ILRI 1975
Seri Bilgileri:Boletín, 11
Konular:
Etiketler: Etiketle
Etiket eklenmemiş, İlk siz ekleyin!

MARC

LEADER 00000nam a2200000 a 4500
001 UCT0820
003 CL-VaPUC
008 960906e19750000ne |||||||||||||||||spa|d
082 0 4 |a 627.4  |b KRU  |2 21 
100 0 |a Kruseman, G. P  |e author  |9 369339 
700 0 |a Ridder, N. A de  |e author  |9 369340 
245 1 0 |a Análisis y evaluación de los datos de ensayos por bombeo 
300 |a 212 p 
942 |c BK 
945 |d 19960906 00:00:00  |a rleighto 
260 |a Wageningen  |b ILRI  |c 1975 
650 0 |a Hidráulica   |9 260193 
650 0 |a Drenaje  |9 262510 
650 0 |a Hidrodinámica   |9 261326 
650 7 |a BOMBAS  |2 CL-VaPUC  |9 259418 
650 0 |a Hidromecánica  |9 348405 
650 0 |a Agua  |9 257149 
650 7 |a FLUJO  |2 CL-VaPUC  |9 369341 
650 0 |a Metodología   |9 256610 
650 0 |a Ingeniería hidráulica  |9 260281 
650 7 |a EQUIPO HIDRAULICO  |2 CL-VaPUC  |9 369342 
650 7 |a ESTACIONES DE BOMBEO  |2 CL-VaPUC  |9 262867 
583 |a last modification  |c 20150511 05:51:50  |k Rodrigo Vera 
490 0 |a Boletín, 11 
999 |c 251522  |d 251520